000 00623nam a2200205Ia 4500
005 20250508164621.0
008 008 250505s9999 xx 000 0 eng d
037 _aReference
040 _aFEDL
_beng
_cFEDL
041 _aeng
_2eng
084 _a371.2, NOR/RR
_qFEDL
100 _aNorton M. Scott
_9778629
245 0 _aHuman resources administration for educational leaders
260 _aLos Angeles, USA
_bSage Publications, Inc.
_c2008
300 _axvi,435p.
365 _aUSD
_b79.95
650 _aSchool personnel management
_9778630
942 _cREF
_h371.2, NOR/RR
999 _c1390160
_d1390160